Estimated Revenue Effects of a Bill To Amend the Internal Revenue Code of 1986 To Provide for the Extension of Highway-Related Taxes and Trust Funds.

Bibliographic Details
Corporate Authors: United States. Congress. House. Select Committee on Homeland Security. Subcommittee on Cybersecurity, Science, and Research & Development, ProQuest (Firm)
Format: eBook
Language:English
Published: [Washington] : [U.S. G.P.O.], 2005.
Series:U.S. Congressional Research.
Subjects:
Online Access:Connect to the full text of this electronic book

MARC

Tag First Indicator Second Indicator Subfields
LEADER 00000cam a22000001a 4500
001 in00003349521
006 m d f
007 cr bn mmmapmmp
008 110210s2005 dcu o f000 0 eng d
005 20260430212502.4
035 |a cis2007801331 
040 |a ProQuest  |c ProQuest  |d UtOrBLW 
043 |a n-us--- 
099 |a CMP-2005-JTX-0004 
110 1 |a United States.  |b Congress.  |b House.  |b Select Committee on Homeland Security.  |b Subcommittee on Cybersecurity, Science, and Research & Development. 
245 1 0 |a Estimated Revenue Effects of a Bill To Amend the Internal Revenue Code of 1986 To Provide for the Extension of Highway-Related Taxes and Trust Funds. 
264 1 |a [Washington] :  |b [U.S. G.P.O.],  |c 2005. 
300 |a 1 online resource. 
336 |a text  |b txt  |2 rdacontent 
337 |a computer  |b c  |2 rdamedia 
338 |a online resource  |b cr  |2 rdacarrier 
500 |a Record is based on bibliographic data in ProQuest U.S. Congressional Research Digital Collection. Reuse except for individual research requires license from ProQuest, LLC. 
500 |a Electronic resource. 
650 0 |a Excise tax  |x Law and legislation  |z United States. 
650 0 |a Gasoline  |x Taxation  |z United States. 
650 0 |a Tax shelters  |x Law and legislation  |z United States. 
655 7 |a Electronic books.  |2 local 
710 2 |a ProQuest (Firm) 
776 0 8 |i Print version:   |a United States. Congress. House. Select Committee on Homeland Security. Subcommittee on Cybersecurity, Science, and Research & Development.  |t Estimated Revenue Effects of a Bill To Amend the Internal Revenue Code of 1986 To Provide for the Extension of Highway-Related Taxes and Trust Funds 
776 0 8 |i Microfiche version:   |a United States. Congress. House. Select Committee on Homeland Security. Subcommittee on Cybersecurity, Science, and Research & Development.  |t Estimated Revenue Effects of a Bill To Amend the Internal Revenue Code of 1986 To Provide for the Extension of Highway-Related Taxes and Trust Funds.  |d [Bethesda, Md.] : ProQuest,[2004]  |o CIS 2005 J862-9  |w (ProQuest)cis00505162 
830 0 |a U.S. Congressional Research. 
856 4 0 |u http://proxy.library.tamu.edu/login?url=https://congressional.proquest.com/congcomp/getdoc?CRDC-ID=CMP-2005-JTX-0004  |z Connect to the full text of this electronic book  |t 0 
998 |a cis00505162 
999 |a MARS 
999 f f |s b55b72e0-cc57-3de6-9731-57e5a2f5f07d  |i c0348794-5282-32bf-9b74-2c1bc1e6e11c  |t 0 
952 f f |a Texas A&M University  |b College Station  |c Electronic Resources  |s www_evans  |d Available Online  |t 0  |e CMP-2005-JTX-0004  |h Other scheme 
998 f f |a CMP-2005-JTX-0004  |t 0  |l Available Online